Statistics for Famous Pilots

Click here to take the quiz!

General Stats

  • This quiz has been taken 96 times
  • The average score is 10 of 20

Answer Stats

Hint Answer % Correct
Most famous female pilotAmelia Earhart
96%
First to fly a planeOrville Wright
87%
Second to fly a planeWilbur Wright
80%
First trans-Atlantic solo flightCharles Lindbergh
75%
Commander of the first lunar landingNeil Armstrong
73%
US President and WWII fighter pilotGeorge Bush
67%
First man in spaceYuri Gagarin
65%
Eccentric business mogul and filmmakerHoward Hughes
54%
First American to orbit EarthJohn Glenn
53%
"Rocky Mountain High";
"Oh God!" star
John Denver
52%
Broke the sound barrierChuck Yeager
52%
President's son;
published 'George' magazine
John F. Kennedy Jr.
46%
Germany's WWI aceManfred von Richtofen
38%
Hollywood star and WWII bomber pilotJames Stewart
33%
Led the first WWII raid over TokyoJimmy Doolittle
31%
Landed a plane safely in the Hudson RiverChesley Sullenberger
25%
First to fly across the English ChannelLouis Bleriot
19%
Commander of Apollo 13James Lovell
18%
America's WWI aceEddie Rickenbacker
15%
Flew the first atomic bomb missionPaul Tibbets
6%

Score Distribution

Percentile by Number Answered

Percent of People with Each Score

Your Score History

You have not taken this quiz